Catálogo
 En Linea

Ideas urbanas para Santo Domingo 2002 / (Registro nro. 36254)

Detalles MARC
000 -CABECERA
campo de control de longitud fija 00512nam a2200145 a 4500
001 - NÚMERO DE CONTROL
campo de control 000036763
005 - FECHA Y HORA DE LA ÚLTIMA TRANSACCIÓN
campo de control 20200930075925.0
008 - DATOS DE LONGITUD FIJA--INFORMACIÓN GENERAL
campo de control de longitud fija 120131s2002 dr abc 000 0 spa d
040 ## - FUENTE DE LA CATALOGACIÓN
Centro catalogador/agencia de origen DO-SdBNP
Lengua de catalogación spa
Centro/agencia transcriptor BNPHU
082 ## - NÚMERO DE LA CLASIFICACIÓN DECIMAL DEWEY
Número de clasificación xxxx
Número de documento/Ítem I19u
245 00 - MENCIÓN DE TÍTULO
Título Ideas urbanas para Santo Domingo 2002 /
Mención de responsabilidad, etc. editor Antonio Vélez Catrain.
260 ## - PUBLICACIÓN, DISTRIBUCIÓN, ETC.
Lugar de publicación, distribución, etc. Santo Domingo :
Nombre del editor, distribuidor, etc. Inmobiliaria BHD :
-- Ayuntamiento del Distrito Nacional,
Fecha de publicación, distribución, etc. 2002.
300 ## - DESCRIPCIÓN FÍSICA
Extensión 160 p. :
Otras características físicas ils, mapa, retr. ;
Dimensiones 32 cm.
700 1# - PUNTO DE ACCESO ADICIONAL--NOMBRE DE PERSONA
Nombre de persona Vélez Catrain, Antonio
Término indicativo de función/relación ed.
9 (RLIN) 63094
Existencias
Estado de retiro Estado de pérdida No para préstamo Código de colección Localización permanente Ubicación/localización actual Ubicación en estantería Fecha de adquisición Número de inventario Total de préstamos Signatura topográfica completa Código de barras Fecha visto por última vez Precio válido a partir de Tipo de ítem Koha
    Excluido de préstamo Patrimonio Dominicano Patrimonio Dominicano Patrimonio Dominicano En catalogación 31.01.2012 LF1   xxxx I19u 36763-10 25.06.2020 25.06.2020 Libro y Folleto Colección Patrimonio Dominicano
    Excluido de préstamo Patrimonio Dominicano Patrimonio Dominicano Patrimonio Dominicano En catalogación 31.01.2012 LF1   xxxx I19u 36763-20 25.06.2020 25.06.2020 Libro y Folleto Colección Patrimonio Dominicano

Con tecnología Koha